Mammals : Skulls. Clicking - Statistics

General Stats
  • This quiz has been taken 23 times
  • The average score is 5 of 16
Answer Stats
Hint Answer % Correct
Ursidae
83%
Mustelidae
67%
Cervidae
42%
Canidae
42%
Felidae
33%
Chiroptera
33%
Castoridae
33%
Soricidae
25%
Muridae
25%
Sciuridae
25%
Leporidae
25%
Suidae
25%
Erinaceidae
17%
Talpidae
17%
Phocidae
17%
Cricetidae
17%
No matching quizzes found
Score Distribution
Percent of People with Each Score
Percentile by Number Answered
Your Score History
You have not taken this quiz